| 000 | 00451nam a2200157Ia 4500 | ||
|---|---|---|---|
| 999 |
_c12800 _d12800 |
||
| 082 | _aRR.0068 | ||
| 100 | _aRao, K.R. | ||
| 245 | 0 |
_aDisease patterns and drug demand in India : _bBy the year 2000 A.D. :Feasibility Study |
|
| 260 |
_c1986 _bICSSR, New Delhi |
||
| 300 | _av.p. | ||
| 650 | _aFUTUROLOGY - INDIA | ||
| 650 | _aDISEASES - INDIA | ||
| 650 | _aDRUG TRADE | ||
| 710 | _aAdministrative Staff College of India, Hyderabad | ||
| 942 |
_cRP _2ddc |
||